Farm accounting and management (Record no. 3247)

MARC details
000 -LEADER
fixed length control field 00469nam a2200193 4500
005 - DATE AND TIME OF LATEST TRANSACTION
control field 20150326102915.0
008 - FIXED-LENGTH DATA ELEMENTS--GENERAL INFORMATION
fixed length control field 000
020 ## - INTERNATIONAL STANDARD BOOK NUMBER
International Standard Book Number 0273002309
040 ## - CATALOGING SOURCE
Original cataloging agency UOEL
050 ## - LIBRARY OF CONGRESS CALL NUMBER
Classification number S562.G7
Item number S8 1971
100 ## - MAIN ENTRY--PERSONAL NAME
Personal name Sturrock, Ford
245 ## - TITLE STATEMENT
Title Farm accounting and management
Statement of responsibility, etc Ford Sturrock
250 ## - EDITION STATEMENT
Edition statement 6th ed.
260 ## - PUBLICATION, DISTRIBUTION, ETC. (IMPRINT)
Place of publication, distribution, etc London
Name of publisher, distributor, etc Pitman Publishing,
Date of publication, distribution, etc 1971
300 ## - PHYSICAL DESCRIPTION
Extent ix,262p.
Other physical details ill.
500 ## - GENERAL NOTE
General note Includes index
650 ## - SUBJECT ADDED ENTRY--TOPICAL TERM
General subdivision Agriculture (General)
942 ## - ADDED ENTRY ELEMENTS (KOHA)
Source of classification or shelving scheme Library of Congress Classification
Item type Loan - Normal on open shelf
Holdings
Withdrawn status Lost status Source of classification or shelving scheme Damaged status Not for loan Home library Current library Shelving location Date acquired Total Checkouts Full call number Barcode Date last seen Copy number Price effective from Koha item type
    Library of Congress Classification     UOE Main Library UOE Main Library Open shelf 26/03/2015   S562.G7 S8 1971 20141374 27/04/2026 20141374 26/03/2015 Loan - Normal on open shelf